Statystyki dla Jakiego języka używa się w tym państwie?

Kliknij tutaj aby rozwiązać quiz!

Ogólne statystyki

  • Ten quiz został rozwiązany 228 razy
  • Średni wynik to 11 z 15

Statystyki odpowiedzi

PaństwoJęzyk% Poprawnych
Republika Południowej AfrykiAfrikaans/Angielsk/Xhosa/Ndebele/Pedi
100%
AustraliaAngielski
100%
ZimbabweAngielski
100%
Wyspy SalomonaAngielski
100%
FidżiAngielski/Fidżyjski/Hindi fidżyjskie
100%
Saint Kitts i NevisAngielski/Kreolski
100%
SingapurAngielski/Mandaryński/Malajski/Tamilski
100%
Wyspy MarshallaAngielski/Marszalski
100%
SamoaAngielski/Samoański
100%
LesothoAngielski/Sotho
100%
JordaniaArabski
100%
SyriaArabski
100%
KatarArabski
100%
Zjednoczone Emiraty ArabskieArabski
100%
JemenArabski
100%
KuwejtArabski
100%
LibiaArabski
100%
CzadArabski/Francuski
100%
SomaliaArabski/Somalijski
100%
BiałoruśBiałoruski/Rosyjski
100%
CzechyCzeski
100%
EstoniaEstoński
100%
FrancjaFrancuski
100%
KamerunFrancuski/Angielski
100%
GruzjaGruziński
100%
IzraelHebrajski
100%
IndieHindi/Angielski
100%
GwatemalaHiszpański
100%
HiszpaniaHiszpański
100%
WenezuelaHiszpański
100%
KostarykaHiszpański
100%
KolumbiaHiszpański
100%
UrugwajHiszpański
100%
ArgentynaHiszpański
100%
ChileHiszpański
100%
IslandiaIslandzki
100%
JaponiaJapoński
100%
KazachstanKazachski/Rosyjski
100%
Korea PołudniowaKoreański/Koreański język migowy
100%
LitwaLitewski
100%
MacedoniaMacedoński/Albański
100%
MaltaMaltański/Angielski
100%
MonakoMonegaski/Francuski
100%
NiemcyNiemiecki
100%
LichtensteinNiemiecki/Alemański
100%
SzwajcariaNiemiecki/Francuski/Włoski/Romansz
100%
NorwegiaNorweski
100%
PolskaPolski
100%
PortugaliaPortugalski
100%
BrazyliaPortugalski
100%
RosjaRosyjski
100%
KirgistanRosyjski/Kirgijski
100%
MołdawiaRumuński
100%
RwandaRwanda/Angielski/Francuski
100%
SłowacjaSłowacki
100%
TanzaniaSuahili/Angielski
100%
TongaTonga/Angielski
100%
TurcjaTurecki
100%
UkrainaUkraiński
100%
San MarinoWłoski
100%
BotswanaTswana/Angielski
88%
Nowa ZelandiaAngielski/Maoryski/Nowozelandzki język migowy
83%
LibanArabski
83%
EgiptArabski/Egipski
83%
Demokratyczna Republika KongaFrancuski
83%
ŁotwaŁotewski
83%
KanadaAngielski/Francuski
80%
TunezjaArabski
80%
KomoryArabski/Francuski/Komoryjski
80%
EkwadorHiszpański
80%
AlbaniaAlbański
75%
NigeriaAngielski
75%
BarbadosAngielski
75%
MikronezjaAngielski
75%
ErytreaArabski/Tigrinia
75%
Republika Zielonego PrzylądkaPortugalski
75%
UzbekistanUzbecki
71%
Saint LuciaAngielski
67%
GambiaAngielski
67%
KuwejtArabski
67%
MarokoArabski/Tamazight
67%
GabonFrancuski
67%
HaitiFrancuski/Haitański
67%
Korea PółnocnaKoreański
67%
WatykanŁaciński/Włoski
67%
ChinyMandaryński
67%
MongoliaMongolski
67%
PalauPalau/Angielski/Japoński
67%
NikaraguaHiszpański
60%
KubaHiszpański
60%
IrakArabski/Kurdyjski
50%
AlgieriaArabski/Tamazight
50%
AzerbejdżanAzerski
50%
FinlandiaFiński/Szwedzki
50%
AndoraKataloński
50%
GrecjaNowogrecki
50%
IranPerski
50%
TajlandiaTajski
50%
SzwecjaSzwedzki
40%
MauretaniaArabski/Hassanija
33%
GwineaFrancuski
33%
Gwinea RównikowaHiszpański/Francuski/Portugalski
33%
PakistanUrdu/Angielski
33%
IndonezjaIndonezyjski
25%
KosowoAlbański
0%
Saint Vincent i GrenadynyAngielski
0%
NamibiaAngielski
0%
Papua Nowa GwineaAngielski/Tok pisin/Hiri motu
0%
Arabia SaudyjskaArabski
0%
OmanArabski
0%
DżibutiArabski/Francuski
0%
MauritiusBrak
0%
Stany ZjednoczoneBrak
0%
MeksykBrak
0%
Bośnia i HercegowinaBrak
0%
AfganistanDari/Paszto
0%
DaniaDuński
0%
BhutanDzongkha
0%
NigerFrancuski
0%
Burkina FasoFrancuski
0%
Republika ŚrodkowofrykańskaFrancuski/Sango
0%
NepalNepalski
0%
SurinamNiderlandzki
0%
AustriaNiemiecki
0%
ArmeniaOrmański
0%
Gwinea BissauPortugalski
0%
Timor WschodniPortugalski/Tetum
0%
Sri LankaSyngaleski/Tamilski
0%
TadżykistanTadżycki
0%
TurkmenistanTurkmeński
0%

Rozkład punktacji

Percentyl według liczby udzielonych odpowiedzi

Procent ludzi z każdym wynikiem

Twoja historia wyników

Nie rozwiązałeś tego quizu